| 000 | 00475nam a22001937a 4500 | ||
|---|---|---|---|
| 003 | LK-CoDNM | ||
| 005 | 20250121131446.0 | ||
| 008 | 250116b |||||||| |||| 00| 0 eng d | ||
| 040 |
_aLK-CoDNM _dLK-CoDNM _eLK-CoDNM |
||
| 041 | _aeng | ||
| 080 |
_a11 _bX23 |
||
| 100 | _aHector. C. Perera, G.V.Sc | ||
| 245 | _aVeterinary science in Ceylon | ||
| 260 |
_c1940 _aColombo _bFrankfort place |
||
| 300 | _b6p. ; 25 cm | ||
| 650 | _aScience | ||
| 650 | _a1940 | ||
| 942 | _cBK | ||
| 999 |
_c237179 _d237179 |
||